|
|
|
|
| LEADER |
00979nam a2200301 a 4500 |
| 001 |
18417626 |
| 008 |
090715s1988 nyu 000 1 eng d |
| 010 |
|
|
|a 88024345
|
| 020 |
|
|
|a 1853811262
|
| 040 |
|
|
|a DLC
|c DLC
|
| 082 |
0 |
|
|a 813/.54
|2 19
|
| 100 |
1 |
|
|a Atwood, Margaret Eleanor,
|d 1939-
|
| 245 |
1 |
0 |
|a Cat's eye /
|c Margaret Atwood.
|
| 250 |
|
|
|a 1st ed.
|
| 260 |
|
|
|a New York :
|b Doubleday,
|c c1988.
|
| 300 |
|
|
|a 421 p. ;
|c 24 cm.
|
| 541 |
1 |
|
|e 00014404
|
| 650 |
|
0 |
|a Women painters
|v Fiction
|
| 650 |
|
0 |
|a Friendship
|v Fiction
|
| 650 |
|
0 |
|a Girls
|v Fiction
|
| 650 |
|
0 |
|a Women painters
|v Fiction
|
| 650 |
|
0 |
|a Friendship
|v Fiction
|
| 650 |
|
0 |
|a Girls
|v Fiction
|
| 651 |
|
0 |
|a Toronto (Ont.)
|v Fiction
|
| 655 |
|
0 |
|a Psychological fiction.
|
| 852 |
4 |
|
|a Ayesha Abed Library
|j General Shelf.
|
| 999 |
|
|
|c 2469
|d 2469
|
| 952 |
|
|
|0 0
|1 0
|2 ddc
|4 0
|6 813_540000000000000_ATW
|7 0
|9 2285
|a BRACUL
|b BRACUL
|c GEN
|d 2009-07-16
|l 9
|m 31
|o 813.54 ATW
|p 3010014404
|r 2026-03-30
|s 2026-02-17
|t 1
|w 2009-07-16
|y BK
|